Southville International School and Colleges
Your cart is empty.
  • Cart
  • Lists
    Public lists Eva Luna New books Lux_list list_1
    Your lists Log in to create your own lists
  • Log in to your account
  • Your cookies
  • Search history
Southville International School and Colleges
  • Advanced search
  • Recent comments
  • Most popular
  • Libraries

Log in to your account

Log in with GOOGLE


If you do not have an external account, but do have a local account, you can still log in:

  1. Home
  2. MARC view: Emily Post on invitations and letters /
Normal view MARC view ISBD view

Emily Post on invitations and letters / (Record no. 9041)

[ view plain ]
MARC details
000 -LEADER
fixed length control field 00911cam a2200289 a 4500
001 - CONTROL NUMBER
control field 3423613
003 - CONTROL NUMBER IDENTIFIER
control field OSt
005 - DATE AND TIME OF LATEST TRANSACTION
control field 20140310182053.0
008 - FIXED-LENGTH DATA ELEMENTS--GENERAL INFORMATION
fixed length control field 900724s1990 nyua 001 0 eng
010 ## - LIBRARY OF CONGRESS CONTROL NUMBER
LC control number 90178196
020 ## - INTERNATIONAL STANDARD BOOK NUMBER
International Standard Book Number 9780062740052
040 ## - CATALOGING SOURCE
Original cataloging agency DLC
Transcribing agency DLC
Modifying agency DLC
050 00 - LIBRARY OF CONGRESS CALL NUMBER
Classification number BJ 2101
Item number .P58 1990
082 00 - DEWEY DECIMAL CLASSIFICATION NUMBER
Classification number HS 395.4
Item number .P848 1990
100 1# - MAIN ENTRY--PERSONAL NAME
Personal name Post, Elizabeth L.
9 (RLIN) 12143
245 10 - TITLE STATEMENT
Title Emily Post on invitations and letters /
Statement of responsibility, etc Elizabeth L. Post.
250 ## - EDITION STATEMENT
Edition statement 1st ed.
260 ## - PUBLICATION, DISTRIBUTION, ETC. (IMPRINT)
Place of publication, distribution, etc New York :
Name of publisher, distributor, etc Harper and Row Publishers,
Date of publication, distribution, etc c1990.
300 ## - PHYSICAL DESCRIPTION
Extent ix, 148 p. :
Other physical details ill. ;
Dimensions 18 cm.
500 ## - GENERAL NOTE
General note Includes index.
541 ## - IMMEDIATE SOURCE OF ACQUISITION NOTE
-- 1
650 #0 - SUBJECT ADDED ENTRY--TOPICAL TERM
Topical term or geographic name as entry element Etiquitte.
General subdivision Invitation and Letters.
9 (RLIN) 12246
740 0# - ADDED ENTRY--UNCONTROLLED RELATED/ANALYTICAL TITLE
Uncontrolled related/analytical title Invitations and letters.
906 ## - LOCAL DATA ELEMENT F, LDF (RLIN)
a 7
b cbc
c orignew
d 2
e ncip
f 19
g y-gencatlg
942 ## - ADDED ENTRY ELEMENTS (KOHA)
Source of classification or shelving scheme Library of Congress Classification
Koha item type
Holdings
Withdrawn status Lost status Source of classification or shelving scheme Damaged status Home library Current library Shelving location Date acquired Total Checkouts Full call number Barcode Date last seen Copy number Price effective from Koha item type
    Library of Congress Classification   Luxembourg Library Luxembourg Library High School Section 08/22/2013   BJ 2101 .P58 1990 2248 05/25/2015 1 08/22/2013 Books

Emily Post on invitations and letters /

APA

Post E. L., . (1990). Emily Post on invitations and letters. New York: Harper and Row Publishers.

Chicago

Post Elizabeth L, . 1990. Emily Post on invitations and letters. New York: Harper and Row Publishers.

Harvard

Post E. L., . (1990). Emily Post on invitations and letters. New York: Harper and Row Publishers.

MLA

Post Elizabeth L, . Emily Post on invitations and letters. New York: Harper and Row Publishers. 1990.

  • Place hold
  • Print
  • Cite
  • Add to your cart (remove)
  • Save record
    BIBTEX Dublin Core MARCXML MARC (non-Unicode/MARC-8) MARC (Unicode/UTF-8) MARC (Unicode/UTF-8, Standard) MODS (XML) RIS
  • More searches
    Search for this title in:
    Other Libraries (WorldCat) Other Databases (Google Scholar) Online Stores (Bookfinder.com) Open Library (openlibrary.org)

Exporting to Dublin Core...

SOUTHVILLE LIBRARY

Southville International School and Colleges Library

1281 Tropical Ave. Cor. Luxembourg St., BF Homes International, Las Pinas City

Tel. No. 8256374 / 252358 Loc. 117/146

Powered by Koha